[Event "Istanbul (ol)"]
[Site "?"]
[Date "2000.??.??"]
[Round "?"]
[White "Ivanchuk, V."]
[Black "Topalov, V."]
[Result "1/2-1/2"]
[WhiteElo "2715"]
[BlackElo "2705"]
[PlyCount "86"]
[EventDate "2000.??.??"]
[Source "Chess Informant"]
[SourceDate "2000.10.01"]

1. d4 Nf6 2. c4 e6 3. Nf3 c5 4. d5 d6 5. Nc3 exd5 6. cxd5 g6 7. h3 a6 8. a4 Qe7 9. g3 Bg7 10. Bg2 O-O 11. O-O Nbd7 12. Bf4 Rb8 13. Rb1 Ne8 14. Qd2 Nb6 15. Bh6 Nc4 16. Qc1 Bxh6 17. Qxh6 Ne5 18. b4 Nxf3+ 19. Bxf3 Bf5 20. e4 cxb4 21. Rxb4 Bxh3 22. Qxh3 Qf6 23. Kg2 Qxc3 24. Rfb1 Nf6 25. Qh4 Nd7 26. Be2 Rfe8 27. Rxb7 Rxb7 28. Rxb7 Nc5 29. Re7 Rxe7 30. Qxe7 Qe5 31. Qxe5 dxe5 32. a5 Kf8 33. f4 f6 34. Kf3 Ke7 35. Ke3 Kd6 36. Bf1 Kc7 37. Kf3 Kd6 38. Bc4 Nb7 39. Bxa6 Nxa5 40. Bc8 Nb3 41. Ke3 Nc5 42. Bh3 Kc7 43. Be6 Kd6 1/2-1/2

[Event "Calvia (ol)"]
[Site "?"]
[Date "2004.??.??"]
[Round "?"]
[White "Krasenkow, M."]
[Black "Volokitin, And"]
[Result "1-0"]
[WhiteElo "2675"]
[BlackElo "2650"]
[PlyCount "73"]
[EventDate "2004.??.??"]
[Source "Chess Informant"]
[SourceDate "2004.10.01"]

1. d4 Nf6 2. c4 e6 3. Nf3 c5 4. d5 d6 5. Nc3 exd5 6. cxd5 g6 7. h3 a6 8. a4 Qe7 9. Bg5 Bg7 10. e3 O-O 11. Nd2 Nbd7 12. Bd3 Ne5 13. Bc2 h6 14. Bh4 b5 15. axb5 Bb7 16. b6 g5 17. Bg3 Nxd5 18. Nxd5 Bxd5 19. O-O Qb7 20. f4 gxf4 21. Bxf4 Bxg2 22. Rf2 Bxh3 23. Bxe5 dxe5 24. Qh5 Qd7 25. Ra4 c4 26. Rxc4 Rac8 27. Ba4 Qe6 28. Bb3 Kh8 29. b7 Rxc4 30. Bxc4 Qd7 31. Rxf7 Rxf7 32. Qxf7 Qg4+ 33. Kf2 Qh4+ 34. Ke2 Bg4+ 35. Kd3 e4+ 36. Kc2 Qd8 37. Qf4 1-0

[Event "Biel"]
[Site "?"]
[Date "1990.??.??"]
[Round "?"]
[White "Karpov, An"]
[Black "de Firmian, N."]
[Result "1-0"]
[WhiteElo "2730"]
[BlackElo "2560"]
[PlyCount "85"]
[EventDate "1990.??.??"]
[Source "ChessBase"]
[SourceDate "1990.07.01"]

1. d4 Nf6 2. c4 e6 3. Nf3 c5 4. d5 exd5 5. cxd5 d6 6. Nc3 g6 7. h3 a6 8. a4 Qe7 9. Bg5 Nbd7 10. e3 Bg7 11. Be2 O-O 12. O-O h6 13. Bh4 Ne5 14. Nd2 g5 15. Bg3 Re8 16. Re1 Rb8 17. a5 Bf5 18. e4 Bg6 19. Ra4 Nfd7 20. Qc2 Rbc8 21. b3 Qf8 22. Nf1 f5 23. exf5 Bxf5 24. Qd2 Nf6 25. Ne3 Bg6 26. f4 Nf7 27. Bf2 gxf4 28. Rxf4 Qe7 29. Nf5 Bxf5 30. Rxf5 Qc7 31. Qf4 Nh7 32. Ne4 Ne5 33. Rf1 Rf8 34. Be1 b5 35. axb6 Qxb6 36. Kh1 Kh8 37. Qg3 Rxf5 38. Rxf5 Rg8 39. Qe3 a5 40. Bg3 Rb8 41. Nxd6 Qxd6 42. Rxe5 Qf8 43. Re6 1-0

[Event "Mazatlan active"]
[Site "?"]
[Date "1989.??.??"]
[Round "?"]
[White "Karpov, Anatoly"]
[Black "Gavrikov, Viktor N"]
[Result "0-1"]
[WhiteElo "2750"]
[BlackElo "2535"]
[PlyCount "74"]
[EventDate "1989.??.??"]
[Source "www.chesslib.no"]
[SourceDate "2004.05.04"]

1. d4 Nf6 2. c4 e6 3. Nf3 c5 4. d5 exd5 5. cxd5 d6 6. Nc3 g6 7. Bg5 h6 8. Bh4 Bg7 9. e3 g5 10. Bg3 Nh5 11. Nd2 Nxg3 12. hxg3 Nd7 13. Qc2 Qe7 14. a4 Ne5 15. Bb5+ Kf8 16. a5 h5 17. a6 h4 18. gxh4 gxh4 19. axb7 Bxb7 20. Ra4 Bc8 21. Be2 Rb8 22. Kd1 Bf6 23. Kc1 Rg8 24. Bf1 Ng4 25. Nc4 Rb4 26. Rxb4 cxb4 27. Nb5 b3 28. Qd2 Bd7 29. Nbxd6 Bg5 30. f4 Bh6 31. Kb1 Rg6 32. Nb7 Bf5+ 33. Bd3 Bxd3+ 34. Qxd3 Qxb7 35. Rxh4 Bg7 36. d6 Nf6 37. g4 Rxg4 0-1

[Event "JUG Cup"]
[Site "Ulcinj"]
[Date "1997.??.??"]
[Round "?"]
[White "Georgiev, Kiril"]
[Black "Leko, Peter"]
[Result "1/2-1/2"]
[WhiteElo "2645"]
[BlackElo "2600"]
[PlyCount "54"]
[EventDate "1997.??.??"]
[Source "www.chesslib.no"]
[SourceDate "2004.05.04"]

1. d4 Nf6 2. Nf3 e6 3. c4 c5 4. d5 d6 5. Nc3 exd5 6. cxd5 g6 7. h3 Bg7 8. Bg5 h6 9. Bh4 O-O 10. e3 Na6 11. Bxa6 bxa6 12. O-O Rb8 13. Qc2 g5 14. Bg3 Nh5 15. Bh2 f5 16. Nd2 f4 17. Nc4 Rb4 18. Ne4 Bf5 19. a3 Rb8 20. Rae1 Nf6 21. Nxf6+ Qxf6 22. e4 Bd7 23. f3 Bb5 24. Kh1 Qd4 25. b3 Bxc4 26. bxc4 Rb2 27. Qa4 Qd2 1/2-1/2

[Event "Open Aeroflot"]
[Site "Mosca RUS"]
[Date "2007.02.21"]
[Round "8"]
[White "Yakovich, Yur"]
[Black "Gashimov, V."]
[Result "1/2-1/2"]
[WhiteElo "2577"]
[BlackElo "2658"]
[PlyCount "178"]
[EventDate "2007.02.14"]
[Source "www.chesslib.no"]
[SourceDate "2004.05.04"]

1. d4 Nf6 2. c4 e6 3. Nf3 c5 4. d5 d6 5. Nc3 exd5 6. cxd5 g6 7. Bf4 a6 8. a4 Bg7 9. h3 O-O 10. e3 Nh5 11. Bh2 f5 12. Be2 f4 13. O-O Qe7 14. exf4 Nxf4 15. Re1 Nd7 16. Bxa6 Ne5 17. Bf1 Qf7 18. Nxe5 Bxe5 19. Qd2 Bd7 20. Bb5 Bxb5 21. Nxb5 Rae8 22. Rad1 g5 23. Bg3 h5 24. Re4 Qg6 25. Rde1 Re7 26. Bxf4 gxf4 27. f3 Rf5 28. b4 cxb4 29. Rxb4 Rg5 30. Re2 Rg3 31. Qc2 Qf7 32. Qd3 Rg5 33. Rc4 Kg7 34. Kf1 Kh6 35. Rc8 Rg6 36. Nd4 Rc7 37. Rc2 Rxc2 38. Rxc2 Rg8 39. Ne6 Qg6 40. Qxg6+ Kxg6 41. Ke2 Kf5 42. Kd3 Ra8 43. Rc4 Ra5 44. Nc7 Kg5 45. Ke2 Kf5 46. Nb5 Ra8 47. Kf1 Ra5 48. Kg1 Ra8 49. Kf2 Ra5 50. Kf1 Ra8 51. h4 Ra5 52. Ke2 Ra8 53. Kd3 Rg8 54. Rc2 Ra8 55. Rc4 Rg8 56. Rc2 Ra8 57. Ra2 Rc8 58. Nd4+ Bxd4 59. Kxd4 Ra8 60. a5 Ra6 61. Rb2 Rxa5 62. Rxb7 Ra4+ 63. Kd3 Ke5 64. Rh7 Kxd5 65. Rxh5+ Ke6 66. Rg5 Ra3+ 67. Ke2 Ra2+ 68. Kf1 Ra1+ 69. Kf2 Rh1 70. h5 Kf6 71. Rg6+ Ke5 72. Rg5+ Kf6 73. Ra5 Ke6 74. g4 fxg3+ 75. Kxg3 d5 76. Kg4 Ke5 77. Kg5 Rg1+ 78. Kh6 Rf1 79. Ra3 Kf6 80. Rd3 d4 81. Kh7 Rh1 82. h6 Kg5 83. f4+ Kxf4 84. Rxd4+ Ke5 85. Rd8 Kf6 86. Rf8+ Kg5 87. Rg8+ Kf6 88. Rg7 Rh2 89. Ra7 Rh1 1/2-1/2

[Event "Mondariz Balneario (zt)"]
[Site "?"]
[Date "2000.??.??"]
[Round "?"]
[White "Piket, Je"]
[Black "Reinderman, D."]
[Result "1-0"]
[WhiteElo "2645"]
[BlackElo "2550"]
[PlyCount "64"]
[EventDate "2000.??.??"]
[Source "Chess Informant"]
[SourceDate "2000.06.01"]

1. d4 Nf6 2. Nf3 c5 3. d5 e6 4. c4 exd5 5. cxd5 d6 6. Nc3 g6 7. Bg5 Bg7 8. Nd2 h6 9. Bh4 O-O 10. e3 Nbd7 11. Be2 a6 12. a4 Qe7 13. O-O Rb8 14. h3 g5 15. Bg3 Ne5 16. a5 Nfd7 17. f4 Ng6 18. Kh2 b5 19. axb6 Nxb6 20. Bxa6 Bxc3 21. bxc3 Nxd5 22. Nc4 Nxc3 23. Qxd6 Ne4 24. Qxe7 Nxe7 25. fxg5 Nxg3 26. Kxg3 hxg5 27. Bxc8 Rbxc8 28. Ra7 Nc6 29. Rd7 f6 30. Rf5 Rce8 31. Rxc5 Re6 32. Kg4 Ra8 1-0

[Event "Pula"]
[Site "?"]
[Date "1999.??.??"]
[Round "?"]
[White "Azmaiparashvili, Z."]
[Black "Zubarev, A."]
[Result "1-0"]
[WhiteElo "2680"]
[BlackElo "2485"]
[PlyCount "87"]
[EventDate "1999.??.??"]
[Source "Chess Informant"]
[SourceDate "1999.10.01"]

1. d4 Nf6 2. c4 e6 3. Nf3 c5 4. d5 exd5 5. cxd5 g6 6. Nc3 d6 7. Qa4+ Nbd7 8. Bf4 Be7 9. e4 O-O 10. Qc2 Ne8 11. Bd3 Bf6 12. O-O Ne5 13. Nxe5 Bxe5 14. Bxe5 dxe5 15. f4 Qe7 16. Qf2 f6 17. fxe5 fxe5 18. d6 Qxd6 19. Bc4+ Kg7 20. Qxf8+ Qxf8 21. Rxf8 Kxf8 22. Rf1+ Kg7 23. Rf7+ Kh6 24. Re7 Nf6 25. Rxe5 Bd7 26. Rxc5 Bc6 27. Re5 Rc8 28. h3 Bxe4 29. g4 Rxc4 30. g5+ Kg7 31. gxf6+ Kxf6 32. Rxe4 Rxe4 33. Nxe4+ Ke5 34. Ng5 h5 35. Kf2 Kf5 36. Nf7 Ke4 37. Nd6+ Kd3 38. Nxb7 g5 39. Na5 Kc2 40. b4 Kc3 41. Nc6 Kc4 42. a3 a6 43. Nb8 Kb5 44. Nxa6 1-0

[Event "Dortmund"]
[Site "?"]
[Date "1990.??.??"]
[Round "?"]
[White "Chernin, A."]
[Black "Wahls, M."]
[Result "1-0"]
[WhiteElo "2600"]
[BlackElo "2565"]
[PlyCount "79"]
[EventDate "1990.??.??"]
[Source "ChessBase"]
[SourceDate "1990.01.01"]

1. d4 Nf6 2. Nf3 e6 3. c4 c5 4. d5 exd5 5. cxd5 d6 6. Nc3 g6 7. h3 a6 8. a4 Qe7 9. Bg5 Bg7 10. Nd2 Nbd7 11. e3 O-O 12. Bd3 h6 13. Bh4 Rb8 14. O-O Ne5 15. Bc2 g5 16. Bg3 b5 17. axb5 axb5 18. f4 Nc4 19. Nxc4 bxc4 20. fxg5 hxg5 21. Rxf6 Qxf6 22. Ne4 Qg6 23. Nxd6 f5 24. Nxc4 Rb4 25. Bd3 Bb7 26. Be1 Bxd5 27. Bxb4 cxb4 28. Ra5 Qe6 29. b3 Bb7 30. Qc2 f4 31. Rxg5 f3 32. gxf3 Rxf3 33. Ne5 Rxh3 34. Bc4 Rh1+ 35. Kf2 Rh2+ 36. Kg1 Rh1+ 37. Kf2 Rh2+ 38. Kg3 Rh3+ 39. Kf4 Rh4+ 40. Ng4 1-0

[Event "Dresden (zt) 72/83"]
[Site "?"]
[Date "1998.??.??"]
[Round "?"]
[White "Dautov, Rustem"]
[Black "Psakhis, Lev"]
[Result "0-1"]
[WhiteElo "2600"]
[BlackElo "2565"]
[PlyCount "82"]
[EventDate "1998.??.??"]
[Source "ChessBase"]
[SourceDate "1998.02.01"]

1. d4 Nf6 2. c4 e6 3. Nf3 c5 4. d5 d6 5. Nc3 exd5 6. cxd5 g6 7. h3 Bg7 8. e4 O-O 9. Be3 Qe7 10. Nd2 Nxe4 11. Ndxe4 f5 12. Nxd6 Qxd6 13. Be2 Bxc3+ 14. bxc3 f4 15. Bc1 Nd7 16. c4 Qf6 17. Rb1 Ne5 18. Rb3 b6 19. O-O Bd7 20. Bb2 Qg5 21. Qc1 Rae8 22. Re1 Rf7 23. Bf1 Rfe7 24. Re2 h6 25. Qc3 f3 26. Rxe5 Rxe5 27. Qxf3 Re4 28. Qc3 Rd4 29. Qf3 Rf8 30. Qg3 Rdf4 31. Qc3 Rd4 32. Qg3 Rdf4 33. Qc3 R4f6 34. f3 Bxh3 35. Qe3 Rxf3 36. Qxg5 Rxf1+ 37. Kh2 hxg5 38. Rxh3 R8f2 39. Rh8+ Kf7 40. Be5 Re2 41. Rh7+ Ke8 0-1

[Event "Romania 87/39"]
[Site "?"]
[Date "2003.??.??"]
[Round "?"]
[White "Istratescu, A."]
[Black "Marin, Mihail"]
[Result "1/2-1/2"]
[WhiteElo "2593"]
[BlackElo "2568"]
[PlyCount "49"]
[EventDate "2003.??.??"]
[Source "Chess Informant"]
[SourceDate "2003.02.01"]

1. d4 Nf6 2. c4 e6 3. Nf3 c5 4. d5 d6 5. Nc3 exd5 6. cxd5 g6 7. h3 a6 8. a4 Qe7 9. Bg5 Bg7 10. e3 O-O 11. Bd3 Nbd7 12. Nd2 Rb8 13. O-O h6 14. Bh4 Ne5 15. Bc2 b5 16. axb5 axb5 17. f4 Ned7 18. Qf3 Re8 19. e4 Qf8 20. Ra5 b4 21. Nb5 Nb6 22. e5 dxe5 23. Bxf6 Bxf6 24. Nc7 e4 25. Nxe4 1/2-1/2

[Event "Interclubes - Categ. A"]
[Site "Sao Paulo"]
[Date "2003.??.??"]
[Round "3"]
[White "Mecking, Henrique"]
[Black "Vescovi, Giovanni"]
[Result "1-0"]
[WhiteElo "2556"]
[BlackElo "2592"]
[PlyCount "59"]
[EventDate "2003.03.08"]
[Source "Roberto Alvarez"]
[SourceDate "2003.03.10"]

1. d4 Nf6 2. c4 e6 3. Nf3 c5 4. d5 exd5 5. cxd5 d6 6. Nc3 g6 7. Qa4+ Nbd7 8. e4 Bg7 9. Be2 O-O 10. O-O a6 11. Qc2 b5 12. Bf4 Qe7 13. Nd2 Ne5 14. Rae1 Bd7 15. Bg3 g5 16. f4 gxf4 17. Bxf4 Ng6 18. Bg3 Rae8 19. Bf3 h5 20. e5 dxe5 21. Nde4 Ng4 22. d6 Qd8 23. Nxc5 h4 24. Bf2 Nxf2 25. Qxf2 b4 26. N3e4 f5 27. Nb7 Qb8 28. Nec5 e4 29. Bh5 e3 30. Qf3 1-0

[Event "XVII Festival"]
[Site "Abu Dhabi EAU"]
[Date "2007.08.14"]
[Round "3"]
[White "Jankovic, A."]
[Black "Pantsulaia, L."]
[Result "0-1"]
[WhiteElo "2536"]
[BlackElo "2611"]
[PlyCount "60"]
[EventDate "2007.08.12"]
[Source "www.chesslib.no"]
[SourceDate "2004.05.04"]

1. d4 Nf6 2. Nf3 e6 3. c4 c5 4. d5 exd5 5. cxd5 d6 6. Nc3 g6 7. Nd2 Nbd7 8. e4 a6 9. a4 Qe7 10. Be2 Bg7 11. O-O O-O 12. f4 Rb8 13. Kh1 Re8 14. Re1 h5 15. Ra3 Ng4 16. Bxg4 hxg4 17. Qxg4 b5 18. axb5 axb5 19. Ne2 b4 20. Ra7 Rb7 21. Rxb7 Bxb7 22. Qg5 Qxg5 23. fxg5 Ne5 24. Nf4 Ra8 25. Nf3 Nxf3 26. gxf3 Ra1 27. Ng2 b3 28. f4 Bd4 29. e5 dxe5 30. d6 Kf8 0-1

[Event "XXXV World Open"]
[Site "King of Prussia USA"]
[Date "2007.06.04"]
[Round "9"]
[White "Kunte, A."]
[Black "Sadvakasov, D."]
[Result "1-0"]
[WhiteElo "2527"]
[BlackElo "2618"]
[PlyCount "150"]
[EventDate "2007.06.30"]
[Source "www.chesslib.no"]
[SourceDate "2004.05.04"]

1. d4 Nf6 2. c4 e6 3. Nf3 c5 4. d5 exd5 5. cxd5 d6 6. Nc3 g6 7. h3 a6 8. a4 Qe7 9. Bf4 Bg7 10. e3 O-O 11. Be2 h6 12. Nd2 Nbd7 13. Nc4 Ne8 14. O-O Rb8 15. a5 g5 16. Bh2 Ne5 17. Bxe5 Bxe5 18. Nxe5 Qxe5 19. Qd2 Bd7 20. f4 gxf4 21. exf4 Qg7 22. f5 Kh7 23. Qf4 Rg8 24. Rf2 Qg3 25. Ne4 Qxf4 26. Rxf4 Kg7 27. Ra3 b6 28. axb6 Rxb6 29. Rxa6 Rxb2 30. f6+ Kf8 31. Bg4 Bb5 32. Ra8 h5 33. Nxd6 Rb1+ 34. Kh2 hxg4 35. hxg4 Rh8+ 36. Kg3 Kg8 37. Nxb5 Rxb5 38. d6 Rb7 39. Rxe8+ Kh7 40. Re7 Rb3+ 41. Rf3 Rxf3+ 42. gxf3 Kg6 43. Rc7 Rd8 44. Rxc5 Rxd6 45. g5 Rd4 46. f4 Rd1 47. Re5 Rg1+ 48. Kf2 Ra1 49. Rd5 Ra3 50. Ke2 Rb3 51. Rd3 Rb5 52. Kf3 Kf5 53. Re3 Rb1 54. Re5+ Kg6 55. Rd5 Rf1+ 56. Ke3 Re1+ 57. Kd3 Rf1 58. Rd4 Kf5 59. Kc4 Rc1+ 60. Kd5 Rc8 61. Ra4 Rd8+ 62. Kc6 Kg6 63. Kc7 Rd1 64. Kb6 Rc1 65. Kb5 Rc8 66. Rc4 Rb8+ 67. Kc6 Rc8+ 68. Kd5 Rd8+ 69. Ke5 Re8+ 70. Kd6 Ra8 71. Kd7 Ra7+ 72. Rc7 Ra4 73. Rc8 Rd4+ 74. Ke7 Re4+ 75. Kd6 Rd4+ 1-0

[Event "Stockholm 84/40"]
[Site "?"]
[Date "2001.??.??"]
[Round "?"]
[White "Rustemov, A."]
[Black "Wedberg, T."]
[Result "1-0"]
[WhiteElo "2611"]
[BlackElo "2529"]
[PlyCount "187"]
[EventDate "2001.??.??"]
[Source "Chess Informant"]
[SourceDate "2002.02.01"]

1. d4 Nf6 2. Nf3 e6 3. c4 c5 4. d5 d6 5. Nc3 exd5 6. cxd5 g6 7. h3 a6 8. e4 b5 9. Bd3 Bg7 10. O-O O-O 11. a3 Re8 12. Re1 Nbd7 13. Bf4 Qb6 14. Qd2 Bb7 15. b4 Rac8 16. Rac1 Nh5 17. Bg5 Qc7 18. Ne2 Qb8 19. g4 Nhf6 20. Ng3 cxb4 21. axb4 Nb6 22. Bh6 Bh8 23. Rxc8 Qxc8 24. Nf5 Qd7 25. Qf4 Rd8 26. Qg5 Re8 27. Qf4 Rd8 28. Kh2 Ne8 29. Rc1 Rc8 30. Rxc8 Nxc8 31. N5d4 Qc7 32. Qc1 Qxc1 33. Bxc1 Kf8 34. Kg3 Ke7 35. h4 Nf6 36. Nb3 Nb6 37. Nfd4 Bc8 38. f3 Bd7 39. Be3 Nc4 40. Bxc4 bxc4 41. Na5 c3 42. Kf2 Ba4 43. Ke2 Nd7 44. Ndc6+ Bxc6 45. Nxc6+ Ke8 46. g5 c2 47. Kd2 Ne5 48. Nxe5 Bxe5 49. f4 c1=Q+ 50. Kxc1 Bc3 51. Bd2 Bd4 52. Kd1 Bf2 53. Be1 Be3 54. Bg3 Kd7 55. Kc2 Kc7 56. Kd3 Bc1 57. Kc4 Bd2 58. Kb3 Be3 59. Ka4 Bb6 60. Be1 Kd7 61. Bc3 Kc7 62. Bf6 Kd7 63. Bc3 Kc7 64. Be1 Kd7 65. Bg3 Kc7 66. Kb3 Be3 67. Kc3 Kd7 68. Kd3 Bc1 69. e5 Ke7 70. Kc4 Be3 71. Kb3 Kd7 72. Ka4 Bb6 73. Be1 Kc7 74. Bd2 Kd7 75. Bc3 Be3 76. Ka5 Bxf4 77. e6+ fxe6 78. Kxa6 exd5 79. b5 Be3 80. b6 Bc5 81. Ba5 Kc8 82. Ka7 d4 83. Ka8 Bxb6 84. Bxb6 d3 85. Ba5 Kd7 86. Kb7 Ke6 87. Kc6 Ke5 88. Bc3+ Ke6 89. Be1 d5 90. Bc3 d4 91. Bd2 Kf5 92. Kd5 Kg4 93. Kxd4 Kxh4 94. Kxd3 1-0

[Event "Lviv UKR"]
[Site "Lvov UKR"]
[Date "1987.??.??"]
[Round "?"]
[White "Chernin, Alexander M"]
[Black "Romanishin, Oleg M"]
[Result "1/2-1/2"]
[WhiteElo "2570"]
[BlackElo "2570"]
[PlyCount "41"]
[EventDate "1987.??.??"]
[Source "www.chesslib.no"]
[SourceDate "2004.05.04"]

1. d4 Nf6 2. c4 e6 3. Nf3 c5 4. d5 exd5 5. cxd5 d6 6. Nc3 g6 7. Nd2 Bg7 8. e4 O-O 9. Be2 Ne8 10. Nc4 f5 11. exf5 Bxf5 12. O-O Na6 13. a3 Rb8 14. Bf4 Bd3 15. Bg3 Bxc4 16. Bxc4 Nac7 17. Rc1 Nf6 18. Be2 Qd7 19. Bf3 a6 20. b4 b6 21. Qb3 1/2-1/2

[Event "sf"]
[Site "Lvov sf"]
[Date "1987.??.??"]
[Round "1"]
[White "Chernin, Alexander M"]
[Black "Romanishin, Oleg M"]
[Result "1/2-1/2"]
[WhiteElo "2570"]
[BlackElo "2570"]
[PlyCount "41"]
[EventDate "1987.??.??"]
[Source "www.chesslib.no"]
[SourceDate "2004.05.04"]

1. d4 Nf6 2. c4 e6 3. Nf3 c5 4. d5 exd5 5. cxd5 d6 6. Nc3 g6 7. Nd2 Bg7 8. e4 O-O 9. e5 Ne4 10. Qb3 Qe8 11. Rg1 Be6 12. Bb5 Nc6 13. a3 Rc8 14. Qa4 Ng5 15. dxc6 dxe5 16. Nce4 a5 17. Ra2 Qxc6 18. Ba6 Ra8 19. Nb1 Rxa6 20. Qb3 Ra7 21. Qg3 1/2-1/2

[Event "32nd TCh-GRE"]
[Site "Kallithea Chalkidiki"]
[Date "2003.07.10"]
[Round "8"]
[White "Halkias, Stelios"]
[Black "Papaioannou, Ioannis"]
[Result "1/2-1/2"]
[WhiteElo "2560"]
[BlackElo "2574"]
[PlyCount "91"]
[EventDate "2003.07.04"]
[Source "Roberto Alvarez"]
[SourceDate "2003.07.14"]

1. d4 Nf6 2. c4 e6 3. Nf3 c5 4. d5 exd5 5. cxd5 d6 6. Nc3 g6 7. h3 a6 8. e4 b5 9. Bd3 Bg7 10. O-O O-O 11. a3 Re8 12. Re1 Nbd7 13. Bf4 Qb6 14. Qd2 Bb7 15. b4 Rac8 16. Rac1 Nh5 17. Be3 Qd8 18. Bg5 Qb6 19. Be3 Qd8 20. Bg5 Qb6 21. g4 Nhf6 22. Be3 Qd8 23. Bh6 Bxh6 24. Qxh6 Ne5 25. Nxe5 Rxe5 26. Qd2 Nd7 27. Kg2 Re7 28. Ne2 Ne5 29. Ng3 Nxd3 30. Qxd3 Rec7 31. bxc5 Rxc5 32. Rxc5 Rxc5 33. Qe3 Qf6 34. Rc1 Rxc1 35. Qxc1 Qd8 36. Qb2 Bc8 37. f3 h5 38. e5 hxg4 39. hxg4 dxe5 40. Qxe5 f6 41. Qb8 f5 42. gxf5 gxf5 43. Qe5 Kf7 44. d6 Be6 45. Qc5 Qg5 46. Kf2 1/2-1/2

[Event "Tch (Men) 2005/2006 CRO"]
[Site "?"]
[Date "2006.05.12"]
[Round "3.3"]
[White "Kozul Zdenko"]
[Black "Cvitan Ognjen"]
[Result "0-1"]
[WhiteElo "2606"]
[BlackElo "2527"]
[PlyCount "78"]
[EventDate "2006.??.??"]
[Source "www.chesslib.no"]
[SourceDate "2004.05.04"]

1. d4 Nf6 2. c4 e6 3. Nf3 c5 4. d5 d6 5. Nc3 exd5 6. cxd5 g6 7. Nd2 Bg7 8. Nc4 O-O 9. Bf4 Na6 10. e3 Ne8 11. Be2 Nac7 12. a4 f5 13. h4 b6 14. Qb3 Ba6 15. g4 fxg4 16. h5 g5 17. Bg3 h6 18. Bxg4 Qe7 19. O-O-O Bxc4 20. Qxc4 a6 21. Qe4 Qd8 22. Be6+ Kh8 23. f4 g4 24. Qg6 b5 25. Bh4 Qb8 26. Bxg4 bxa4 27. Rd2 a3 28. Bd1 Nxd5 29. Nxd5 a2 30. Rg2 a1=Q+ 31. Kd2 Qbxb2+ 32. Bc2 Qxc2+ 33. Kxc2 Qa2+ 34. Kc1 Qxd5 35. Rd1 Qc4+ 36. Rc2 Qa4 37. Be7 Rg8 38. f5 Qa1+ 39. Kd2 Qe5 0-1

[Event "ISR-chT"]
[Site "Israel"]
[Date "1997.??.??"]
[Round "6"]
[White "Greenfeld, Alon"]
[Black "Psakhis, Lev"]
[Result "1/2-1/2"]
[WhiteElo "2520"]
[BlackElo "2610"]
[PlyCount "50"]
[EventDate "1997.??.??"]
[Source "ChessBase"]
[SourceDate "1997.07.29"]

1. d4 e6 2. c4 Nf6 3. Nf3 c5 4. d5 d6 5. Nc3 exd5 6. cxd5 g6 7. h3 a6 8. a4 Qe7 9. Bf4 Nbd7 10. e3 Bg7 11. Be2 O-O 12. O-O Ne8 13. e4 Rb8 14. Re1 Ne5 15. Nxe5 Bxe5 16. Bh6 Ng7 17. f4 Bd4+ 18. Kh2 Bd7 19. Qd2 Rfe8 20. Bf3 Qd8 21. Bg5 Qa5 22. Qc2 f5 23. g4 Qb4 24. Re2 b5 25. axb5 Bxb5 1/2-1/2

[Event "Elista ol (Men)"]
[Site "Elista"]
[Date "1998.10.11"]
[Round "12"]
[White "Ionescu, Constantin"]
[Black "De Firmian, Nick E"]
[Result "1/2-1/2"]
[WhiteElo "2515"]
[BlackElo "2605"]
[PlyCount "85"]
[EventDate "1998.09.29"]
[Source "ChessBase"]
[SourceDate "1998.11.06"]

1. d4 Nf6 2. c4 e6 3. Nf3 c5 4. d5 exd5 5. cxd5 d6 6. Nc3 g6 7. h3 a6 8. a4 Qe7 9. Bg5 Bg7 10. Nd2 Nbd7 11. e3 O-O 12. Be2 h6 13. Bh4 Rb8 14. a5 Ne5 15. O-O g5 16. Bg3 Ne8 17. Qc2 Bd7 18. Rae1 f5 19. f4 Ng6 20. Nc4 gxf4 21. exf4 Nc7 22. Nb6 Qf7 23. Bh5 Be8 24. Bh4 Bd4+ 25. Kh2 Bf6 26. Bxf6 Qxf6 27. Bxg6 Qxg6 28. Re3 Qf6 29. Rfe1 Rf7 30. Ne2 Bb5 31. b4 cxb4 32. Qd2 Re8 33. Rxe8+ Nxe8 34. Qxb4 Re7 35. Ng3 Rxe1 36. Qxe1 Ng7 37. Qb4 h5 38. Nc8 h4 39. Nh1 Qf8 40. Qc3 Bd7 41. Nb6 Bb5 42. Qc7 Ne8 43. Qd8 1/2-1/2

[Event "Biel"]
[Site "?"]
[Date "1987.??.??"]
[Round "?"]
[White "Gulko, B."]
[Black "Romanishin, O."]
[Result "1/2-1/2"]
[WhiteElo "2565"]
[BlackElo "2555"]
[PlyCount "72"]
[EventDate "1987.??.??"]
[Source "ChessBase"]
[SourceDate "1987.07.01"]

1. d4 Nf6 2. c4 e6 3. Nf3 c5 4. d5 exd5 5. cxd5 d6 6. Nc3 g6 7. Nd2 Bg7 8. Nc4 O-O 9. Bg5 h6 10. Bh4 Qd7 11. Bg3 b5 12. Nxd6 b4 13. Na4 Nh5 14. Ne4 c4 15. e3 Nxg3 16. hxg3 Qe7 17. Nec5 Nd7 18. Nxd7 Bxd7 19. Bxc4 Rac8 20. Ba6 Qe8 21. Bxc8 Bxa4 22. Qd2 Qxc8 23. O-O Qc5 24. Rac1 Qd6 25. e4 a5 26. Rfe1 Bd7 27. f4 Qb6+ 28. Kh2 Rd8 29. e5 Be6 30. d6 Bxa2 31. Rc7 Be6 32. Rec1 a4 33. R1c6 Qb5 34. Rc5 Qb6 35. R5c6 Qb5 36. Rc5 Qb6 1/2-1/2

[Event "Corsican Open"]
[Site "Bastia FRA"]
[Date "1998.11.04"]
[Round "8"]
[White "Tkachiev, V."]
[Black "Foisor, O."]
[Result "1-0"]
[WhiteElo "2645"]
[BlackElo "2475"]
[PlyCount "57"]
[EventDate "1998.??.??"]
[Source "www.chesslib.no"]
[SourceDate "2004.05.04"]

1. d4 Nf6 2. c4 e6 3. Nf3 c5 4. d5 d6 5. Nc3 exd5 6. cxd5 g6 7. Nd2 Bg7 8. Nc4 O-O 9. g3 Na6 10. Bg2 Ne8 11. O-O Nac7 12. a4 b6 13. Bd2 Ba6 14. b3 f5 15. Rc1 Nf6 16. Bf4 Nce8 17. Qc2 Qd7 18. Bh3 Qe7 19. Rce1 Nh5 20. Bd2 Kh8 21. f4 Nef6 22. e4 Nxe4 23. Nxe4 fxe4 24. Rxe4 Qc7 25. Rfe1 Bd4+ 26. Be3 Bxe3+ 27. R1xe3 Qg7 28. Nxd6 Rad8 29. Ne8 1-0

[Event "Europa ch 2008"]
[Site "Plovdiv BUL"]
[Date "2008.04.25"]
[Round "5.56"]
[White "Kempinski, Robert"]
[Black "Mastrovasilis, Athanasios"]
[Result "1-0"]
[WhiteElo "2595"]
[BlackElo "2524"]
[PlyCount "57"]
[EventDate "2008.04.21"]
[Source "www.chesslib.no"]
[SourceDate "2004.05.04"]

1. d4 Nf6 2. c4 e6 3. Nf3 c5 4. d5 d6 5. Nc3 exd5 6. cxd5 g6 7. Bg5 h6 8. Bh4 a6 9. a4 Nbd7 10. Nd2 g5 11. Bg3 Nh5 12. e3 Nxg3 13. hxg3 Qe7 14. Be2 f5 15. Qc2 Qf6 16. Nc4 Be7 17. g4 f4 18. Ne4 Qf8 19. Nexd6+ Bxd6 20. Qg6+ Kd8 21. Qxd6 Qxd6 22. Nxd6 Ke7 23. Ne4 fxe3 24. d6+ Ke6 25. Nxg5+ Kf6 26. f4 Rb8 27. Ra3 hxg5 28. Rxh8 gxf4 29. g3 1-0

[Event "It"]
[Site "Dhaka (Bangladesh)"]
[Date "2007.05.29"]
[Round "3"]
[White "Abdulla Al-Rakib (BAN)"]
[Black "Ghaem Maghami Ehsan (IRI)"]
[Result "1/2-1/2"]
[WhiteElo "2518"]
[BlackElo "2599"]
[PlyCount "26"]
[EventDate "2007.??.??"]
[Source "www.chesslib.no"]
[SourceDate "2004.05.04"]

1. d4 Nf6 2. Nf3 e6 3. c4 c5 4. d5 exd5 5. cxd5 d6 6. Nc3 g6 7. h3 a6 8. a4 Qe7 9. Bf4 Bg7 10. Nd2 O-O 11. Nc4 Rd8 12. e3 Ne8 13. Be2 Nd7 1/2-1/2

[Event "URS-ch40 playoff pl3-4"]
[Site "Moscow"]
[Date "1973.??.??"]
[Round "4"]
[White "Kuzmin, Gennadi P"]
[Black "Savon, Vladimir A"]
[Result "1/2-1/2"]
[WhiteElo "2520"]
[BlackElo "2595"]
[PlyCount "60"]
[EventDate "1972.??.??"]
[Source "www.chesslib.no"]
[SourceDate "2004.05.04"]

1. Nf3 Nf6 2. d4 c5 3. d5 e6 4. c4 exd5 5. cxd5 d6 6. Nc3 g6 7. Bf4 a6 8. a4 Qe7 9. g3 Nbd7 10. Bg2 Bg7 11. O-O O-O 12. e4 Ng4 13. Bg5 f6 14. Bd2 Nge5 15. Nxe5 Nxe5 16. f4 Nd3 17. Qc2 Nb4 18. Qb3 Rb8 19. Nd1 b5 20. a5 Qa7 21. Nf2 f5 22. Be3 Qe7 23. e5 dxe5 24. d6+ Qe6 25. Qxe6+ Bxe6 26. Bxc5 Nc2 27. Rac1 Nd4 28. Bxd4 exd4 29. Rfe1 Bc4 30. Bf1 Rfd8 1/2-1/2